| 000 | 00398nam a22001457a 4500 | ||
|---|---|---|---|
| 005 | 20200619091115.0 | ||
| 008 | 200619b xxu||||| |||| 00| 0 eng d | ||
| 082 | _a345.4 AIR | ||
| 110 |
_aALL INDIA REPORTER, _96201 |
||
| 245 | _aALL INDIA REPORTER, [1993] [VOL-80] RAJASTHAN SECTION | ||
| 260 |
_aMUMBAI _bALL INDIA REPORTER, PVT. LTD. |
||
| 300 | _a256;p | ||
| 650 |
_aLAW _95701 |
||
| 942 | _cJRL | ||
| 999 |
_c7251 _d7249 |
||